Cd̤igo Procesal Civil

Detalles Bibliográficos
Autor principal: Ariano Deho, Eugenia
Formato: eBook
Lenguaje:español
Publicado: Lima : Editorial Palestra, 2010
Materias:
Acceso en línea:Acceso restringido

MARC

LEADER 00000nam a22000007a 4500
005 20120625130447.0
007 cr|||| ||||
008 120625s2010 pe |||||s|||| 00||0 spa d
020 |a 978-612-4047-38-1 
035 |a 6418 
040 |a vLex 
090 |c 3240  |d 3240 
100 1 |a Ariano Deho, Eugenia 
245 1 0 |a Cd̤igo Procesal Civil  |h [Recurso electrn̤ico] /  |c Eugenia Ariano Deho 
256 |a Servicio en ln̕ea 
260 |a Lima :  |b Editorial Palestra,  |c 2010 
300 |a 1 recurso electrn̤ico 
506 1 |a Contenido solo disponible en los productos indicados  |d vLex Global   |d vLex Global (Academic Edition, excluding Law Schools)   |d vLex Global (U.S. Academic Edition, Law Schools)   |d vLex Global (U.S. Academic Edition, excluding Law Schools)   |d vLex Global (Academic Edition, Law Schools)  
650 0 4 |a Derecho civil  |x Legislacin̤  |z Per︢ 
650 0 4 |a Procedimiento civil  |z Per︢ 
740 0 |a vLex Libros (Servicio en ln̕ea) 
856 4 0 |u http://vlex.com/source/codigo-procesal-civil-6418  |z Acceso restringido 
942 |c BOOK 
999 0 |a  Civil law